00441nam a2200169 a 450000100060000000300090000600800410001502000150005604000280007108200170009910000200011624500350013626000430017130000110021465000210022565000250024619113CO-ViMGA141112s2004 ck r 000 u spa d a9582811889 aCO-ViMGAbspacCO-ViMGA04aCo867.6 L6911 aLozano, Jocundo10aLos mejores chistes de sotanas aBogotá : bIntermedio Editores; 2000 a222 p.14aHUMOR COLOMBIANO14aPARROCOS - ANECDOTAS